=LDR 00000nam 2200000 4500 =001 NUTBA000000000002874 =005 20140707110414.0 =006 =007 =008 =020 ##$$a 978-602-855-221-9 =035 ##$$a 0010-071400000000062 =040 ##$$a NBPDMAT =082 ##$$a 746.409 598 =090 ##$$a 746.409 598 $b Cep k =100 ##$$a Cepy Suherman =245 ##$$a Kain-kain tradisional di Indonesia / $c Cepy Suherman =250 ##$$a Cet.12 =260 ##$$a Banten : $b Talenta Pustaka, $c 2011 =300 ##$$a 56 hlm. : $b ilus. ; $c 24 cm. =650 ##$$a Kain Tradisional-Indonesia =990 ##$$a 21403367